Normal view
MARC view
- Royal Institution of Chartered Surveyors
Entry Corporate Name
001 - CONTROL NUMBER
- control field: 4553
003 - CONTROL NUMBER IDENTIFIER
- control field: OSt
005 - DATE AND TIME OF LATEST TRANSACTION
- control field: 20190806150234.0
008 - FIXED-LENGTH DATA ELEMENTS
- fixed length control field: 031111 a
040 ## - CATALOGING SOURCE
- Original cataloging agency: OSt
- Transcribing agency: OSt
110 ## - HEADING--CORPORATE NAME
- Corporate name or jurisdiction name as entry element: Royal Institution of Chartered Surveyors
- Subordinate unit: Machinery and Business Assets Faculty
410 ## - SEE FROM TRACING--CORPORATE NAME
- Corporate name or jurisdiction name as entry element: Machinery and Business Assets Faculty
410 ## - SEE FROM TRACING--CORPORATE NAME
- Corporate name or jurisdiction name as entry element: RICS
- Subordinate unit: Machinery and Business Assets Faculty
510 ## - SEE ALSO FROM TRACING--CORPORATE NAME
- Corporate name or jurisdiction name as entry element: RICS Plant and Machinery Faculty
680 ## - PUBLIC GENERAL NOTE
- Heading or subdivision term: Formerly known as the RICS Plant and Machinery Faculty